Plain truth: memoirs of a CBI officer (Record no. 379739)

000 -LEADER
fixed length control field 00316cam a22001217a 4500
008 - FIXED-LENGTH DATA ELEMENTS--GENERAL INFORMATION
fixed length control field 180718b1996 xxu||||| |||| 00| 0 eng d
082 ## - DEWEY DECIMAL CLASSIFICATION NUMBER
Classification number A99 Si64p
100 ## - MAIN ENTRY--PERSONAL NAME
Personal name Singh, N.K.
245 ## - TITLE STATEMENT
Title Plain truth: memoirs of a CBI officer
Statement of responsibility, etc. by N.K. Singh
260 ## - PUBLICATION, DISTRIBUTION, ETC.
Place of publication, distribution, etc. Delhi
Name of publisher, distributor, etc. Konark
Date of publication, distribution, etc. 1996
300 ## - PHYSICAL DESCRIPTION
Extent 369
650 ## - SUBJECT ADDED ENTRY--TOPICAL TERM
Topical term or geographic name entry element Singh, N.K.
Holdings
Withdrawn status Lost status Damaged status Not for loan Permanent Location Current Location Date acquired Full call number Barcode Date last seen Price effective from Koha item type
        Indian Institute of Public Administration Indian Institute of Public Administration 1996-08-22 A99 Si64p 70847 2018-07-21 2018-07-21 Book

Powered by Koha